00000000nam 2200000zi 4500
0019.947285
003CaOODSP
00520250122164533
006m     o  d f      
007cr |n|||||||||
008250122s1949    oncad   o    f000 0 fre d
040 |aCaOODSP|bfre|erda|cCaOODSP
043 |an-cn-qu
0861 |aA52-265/1949F-PDF
0861 |zA51-91F-PDF
1001 |aBordeleau, Richard, |d1902- |eauteur.
24510|aStation expérimentale fédérale de L'Assomption (P.Q.) : |brapport décennal, 1937-1946 / |cR. Bordeleau.
264 1|aOttawa, Canada : |bMinistre de l'Agriculture, |c[1949]
300 |a1 ressource en ligne (87 pages) : |billustrations, tableau
336 |atexte|btxt|2rdacontent/fre
337 |ainformatique|bc|2rdamedia/fre
338 |aressource en ligne|bcr|2rdacarrier/fre
500 |aPublié aussi en anglais sous le titre : Dominion Experimental Station, L'Assomption, Que. : progress report, 1937-1946.
500 |aÉdition numérisée de l'imprimé [par Agriculture et Agroalimentaire Canada].
61015|aCanada. |bFerme expérimentale (L'Assomption, Québec)
650 6|aStations agronomiques|zQuébec (Province)|zL'Assomption.
7101 |aCanada. |bService des fermes expérimentales, |eorganisme de publication.
7101 |aCanada. |bFerme expérimentale (L'Assomption, Québec), |eorganisme de publication.
77508|tDominion Experimental Station, L'Assomption, Que. : |w(CaOODSP)9.947281
85640|qPDF|s15.10 Mo|uhttps://publications.gc.ca/collections/collection_2024/aac-aafc/A51-91-1937-fra.pdf
986 |aM—11904—3:49